000 01106pab a2200181 454500
008 180718b2000 xxu||||| |||| 00| 0 eng d
100 _aQureshi, J.M.
245 _aThe senior command course
260 _c2000
300 _ap.85-89
362 _aOct 1999-Mar 2000
520 _aThe Senior Command Course is the most prestigious and highest professional course of the U.K. Police Staff College Bramshill. The U.K. Officers seeking admission to this course have to go through a competitive exercise. The competition is tough and the final selection is done by the Home Office on the basis of an interview. The officers from other countries are accepted on the basis of the recommendation of the concerned country and the British Council, their service record and the length of service. The objective of this course is to prepare officers for the highest posts in the police service of the U.K. and elsewhere in the Commonwealth. - Reproduced
650 _aPolice training - Great Britain
650 _aPolice - Great Britain
650 _aPolice
773 _aIndian Police Journal
909 _a46180
999 _c46180
_d46180